| 000 | 01004nam a2200325 a 4500 | ||
|---|---|---|---|
| 001 | vtls001350896 | ||
| 003 | NLI | ||
| 005 | 20210627044208.0 | ||
| 008 | 120625m1979uuuudcu f000 0 eng | ||
| 039 | 9 |
_y201206251742 _zVLOAD |
|
| 040 |
_aNLI _beng _cDatasoft_FOD_6 _eAACR2 |
||
| 041 | 0 | _aeng | |
| 044 | _a dcu | ||
| 082 | 0 | 4 | _a 323.40973 |
| 110 | 1 |
_aUnited States. _bCommission Civil Right _9730175 |
|
| 245 | 1 | 0 |
_aCivil rights digest / _cUnited States, Commission Civil Right |
| 260 |
_aWashington, D.C. : _bThe Commission, _c1979- |
||
| 300 |
_a-v. ; _c28 cm. |
||
| 500 | _aSerial | ||
| 500 | _aLibrary has vol. II, no. 3 | ||
| 650 | 0 |
_aHuman rights _zUnited States _9688209 |
|
| 650 | 0 |
_aCivil rights _zUnited States _9708633 |
|
| 710 | 2 |
_aCopyright Collection (Library of Congress) _9685390 |
|
| 887 | _a | ||
| 901 |
_aAD 81154 _b12.08.2010 |
||
| 902 | _aU.S 323.40973 Un 3 | ||
| 904 | _lC 5664 | ||
| 949 |
_AVIRTUAITEM _D10002 _X100 _6FOD000081154ENG |
||
| 942 |
_2ddc _cBKS |
||
| 999 |
_aVIRTUA40 _c599467 _d599467 |
||